00682nam a2200205 a 450000100100000000500170001000800410002702000150006804000250008310000250010824500720013325000120020526000320021730000210024949000180027070000410028883000250032995201050035499900170045900004410520201002045141.0140516s1997 sp 000 0 spa d a8474326435 aDO-SdBNPbspacBNPHU1 aEines, Jorge.97209810aDidactica de la Dramatización /cJorge Eines y Alfredo Mantovani. a2a. ed. aBarcelona :bGediza,c1997. a181 p. ;c23 cm.1 aArte acción12aMantovani Giribaldi, Alfredo.972099 0aArte acción972100 001050718MOaGRbGRcCTd2014-05-16iLF1l0o p44105-10r2020-06-25w2020-06-25y1ZNo se presta c43594d43594